MDQL
is popping MORE tags! Check the
thread
!
Quizzes
Events
Quiz Creation
Community
Videos
Private Events
Remove Ads
Sign In
Join for FREE
Feedback
Dark Mode
Quiz Categories
Sports
Geography
Music
Movies
Television
Just For Fun
Miscellaneous
History
Literature
Language
Science
Gaming
Entertainment
Religion
Holiday
For Kids
Quiz Lab
Recent
Popular Today
Quiz Kudos Today
Editor Picks
Curator Picks
Quizzes by...
Day
Popularity
Type
Ratings
Length
Year
Community
Subscriptions
Recent Discussions
Orange Saloon
Badges
Playlists
Quests
Create
Leaderboards
Showdown
Live 5
Trivia Bingo
Activity
Puzzle Library
Sporcle Events
Private Events
Virtual Trivia
Globe League
Become a Host
Pub Owners
SporcleCon
Opinionation
Our Games
Videos
Blog
Mobile Apps
Partnerships
Remove Ads and Go Orange
Feedback
Television
TV Characters
TV Show
Sitcom
Network
Friends
Reality Shows
Cast
South Park
Star Trek
The Simpsons
Doctor Who
Television
TV Characters
TV Show
Sitcom
Network
Friends
Reality Shows
Cast
South Park
Star Trek
The Simpsons
Doctor Who
Random Quiz
Search Sporcle
×
Quiz Lab
Quiz Lab
Television
Vampire
Type in answers that appear in a list
Type in answers that appear in a list
Classic
Best Score? Go Orange.
The Vampire Diaries Name Chain Reaction Stats
Can you name The Vampire Diaries character through a chain?
By
shippudennumba1
10m
33 Questions
6,735 Plays
6,735 Plays
6,735 Plays
Comments
Comments
Give Quiz Kudos
Give Quiz Kudos
-
- Ratings
hide this ad
No Skip
Answers have to be entered in order without skipping
Answers have to be entered in order without skipping
Replay
Link that replays current quiz
Next Quiz
Link to next quiz in quiz playlist
You Got
0%
They Got
Avg Score
63%
Avg Friend Score
Upgrade to see
Score Distribution
Jump to the score distribution portion of the page
Score
0/33
Timer
10:00
0
Plays Today
Hint
Character
% Correct
?
???
100%
?
???
98.3%
?
???
95.7%
?
???
94.5%
?
???
94%
?
???
92.1%
?
???
91.8%
?
???
90.6%
?
???
81.6%
?
???
81.5%
?
???
81%
?
???
80.1%
?
???
80%
?
???
79.9%
?
???
76.3%
?
???
76.2%
?
???
73.9%
Hint
Character
% Correct
?
???
65.3%
?
???
61.1%
?
???
60.9%
?
???
42.3%
?
???
41.7%
?
???
41.2%
?
???
39.1%
?
???
38.9%
?
???
38.3%
?
???
38.2%
?
???
30.7%
?
???
30.6%
?
???
29.9%
?
???
24.9%
?
???
21.4%
?
???
8.1%
Quiz Playlist
Details
Report
Send in Message
Add To Playlist
Classic:
Type in answers that appear in a list
No Skip:
Answers have to be entered in order without skipping
Last Updated: Feb 16, 2017
Quiz Scoreboard
CHALLENGE
Sign Up to Join the Scoreboard
Show All
Scores
Hide
Comments
May contain spoilers
Recently Published
Image Sorting: Flags VI
by Barbecue
Geography
2m
Find the 'City' Movie
by crazypaving
Movies
60s
Colored Red Africa Blitz
by spor1
Geography
45s
More to Explore
Quiz From the Vault
Featured Blog Post
14 Easter Pick-up Lines to Find Eggs With
hide this ad
You Might Also Like...
Tags
original
The Vampire Diaries
Vampire
Vampire Shows
Today's Top Quizzes in Television
Browse Television
hide this ad
Today's Top Quizzes in Vampire
Browse Vampire
Top Contributed Quizzes in Television
1
Survivor Journey Challenge
2
Brooklyn Nine Nine Logic Puzzle (How-To-Play)
3
Total Drama Characters
4
Adjectives in 00s TV Shows
5
Phoebe Buffay Quotes
6
Survivor Heroes vs. Villains Logic Puzzle
7
Survivor Trivia
8
Emmerdale Characters (from August 2012)
9
Game of Thrones: Tywin Lannister Start to Finish
10
Survivor Logic Puzzle: Heroes vs. Villains
Explore More
Trending Topics
Disney
Harry Potter
NBA
Anime
Marvel
Crossword
Kpop
Song
The Office
WWE
Pokémon
NFL
Country
Puzzle
Soccer
hide this ad
More By:
shippudennumba1
Quiz
Plays
Rating
Category
Featured
Created
The Vampire Diaries Name Chain Reaction
6,735
3.00
Television
Jan 24, 2015
Favorite TV Shows by Cast
4,386
1.84
Television
Sep 5, 2015
Fairy Tail characters
4,006
4.00
Entertainment
Nov 24, 2013
Guess the Naruto Character
2,497
Entertainment
Aug 24, 2013
Hunter X Hunter Characters
2,442
4.67
Television
Apr 9, 2015
Go to Creator's Profile
Score Distribution
Quiz Creator Spotlight
shippudennumba1
Follow
Send a Message
Quizzes Created
-
Created Quiz Play Count
-
More By This Creator
Popular Quizzes Today
1
Colored Red Africa Blitz
2
Find the US States - No Outlines Minefield
3
Find the 'City' Movie
4
5x2 Blitz: Bands
5
The Countries of the World
6
Find the US States
7
Find the Countries of Europe - No Outlines Minefield
8
US States
More Television Quizzes
1980s TV in 3 Clues
Published
Trending Quizzes
Colored Red Europe Blitz I
Colored Red Europe Blitz II
Colored Red Africa Blitz II
Colored Red Europe Blitz III
Colored Red Africa Blitz III
Recently Updated
How Do You Spell That?
pecheneg
Godzilla Movies
pecheneg
Grab Bag: 4-10 Letters
pecheneg
2024 March Madness Bracket
pecheneg
Famous TV Couples
Peacemaker
Champions League XIs: Real Madrid
pecheneg
Largest US Cities 1790-2010
pecheneg
Rides in Walt Disney World
pecheneg
Most Oscar Losses (Acting)
pecheneg
Beyoncé Albums
pecheneg
Trending Topics
NBA
Anime
Disney
Kpop
Marvel
Crossword
Harry Potter
Puzzle
Country
The Office
Song
WWE
Pokémon
NFL
Soccer
Your Account Isn't Verified!
In order to create a playlist on Sporcle, you need to verify the email address you used during registration. Go to your
Sporcle Settings
to finish the process.
Report this User
Report this user for behavior that violates our
Community Guidelines
.
Details:
Send Report
Go to the Sporcle.com Mobile Site →
Comments